Normal view
MARC view
- Vibration
Entry Topical Term
001 - CONTROL NUMBER
- control field: 39230
003 - CONTROL NUMBER IDENTIFIER
- control field: NUST
005 - DATE AND TIME OF LATEST TRANSACTION
- control field: 20210314131355.0
008 - FIXED-LENGTH DATA ELEMENTS
- fixed length control field: 210314|| aca||aabn | a|a d
040 ## - CATALOGING SOURCE
- Original cataloging agency: NUST
- Transcribing agency: NUST
150 ## - HEADING--TOPICAL TERM
- Topical term or geographic name entry element: Vibration
670 ## - SOURCE DATA FOUND
- Source citation: Work cat.: (NUST): Southwell, Richard Vynne, 39229, Relaxation methods in engineering science;, 1940.
